000 01140nam a2200277 a 4500
999 _c325877
_d325877
003 BLK
005 20250414163029.0
008 181105b bu ||||| |||| 00| 0 bu d
020 _a9789543651856
040 _aBLK
041 _aBUL
_cBUL
080 _aТурска литература
_b821.512.161
_x-31
_z821.512.161-31
100 _aПамук, Орхан
_eпърви автор
_91299
139 _aПамук, Орхан
_bП 16
245 _aИмето ми е Червен
_bРоман
_cОрхан Памук ; прев. от тур. Розия Самуилова
250 _a4. изд.
257 _aTUR
260 _9209519
_aСофия
_bЕднорог
_c2016
300 _a540 с.
_c20 см
380 _aX
500 _aОриг. загл.: Benim adim Kirmizi / Orhan Pamuk. - Името на прев. отбелязано на предзагл. с. - 1. изд. 2004.
700 _9368971
_aСамуилова, Розия Бечева
_eпрев. от тур.
852 _aЦб 291309
_bЦб
_c821.512.161-31/П 16
942 _2udc
_cKNG
_n0
_s1
_07
944 _aCR
_c2023-05-19
_k30542
_lРусанова Ирена